Southville International School and Colleges
Your cart is empty.
  • Cart
  • Lists
    Public lists Eva Luna New books Lux_list list_1
    Your lists Log in to create your own lists
  • Log in to your account
  • Your cookies
  • Search history
Southville International School and Colleges
  • Advanced search
  • Recent comments
  • Most popular
  • Libraries

Log in to your account

Log in with GOOGLE


If you do not have an external account, but do have a local account, you can still log in:

  1. Home
  2. MARC view: Why I write /
Normal view MARC view ISBD view

Why I write / (Record no. 1947)

[ view plain ]
MARC details
000 -LEADER
fixed length control field 01587cam a2200385 a 4500
001 - CONTROL NUMBER
control field 13923099
003 - CONTROL NUMBER IDENTIFIER
control field OSt
005 - DATE AND TIME OF LATEST TRANSACTION
control field 20140310181720.0
008 - FIXED-LENGTH DATA ELEMENTS--GENERAL INFORMATION
fixed length control field 050407r20052004nyu 000 0 eng
010 ## - LIBRARY OF CONGRESS CONTROL NUMBER
LC control number 2005047452
020 ## - INTERNATIONAL STANDARD BOOK NUMBER
International Standard Book Number 0143036351
020 ## - INTERNATIONAL STANDARD BOOK NUMBER
International Standard Book Number 9780143036357
035 ## - SYSTEM CONTROL NUMBER
System control number (OCoLC)ocm59011602
040 ## - CATALOGING SOURCE
Original cataloging agency DLC
Transcribing agency DLC
Modifying agency YDX
-- BAKER
-- NPL
-- OCO
-- BTCTA
-- YDXCP
-- KAAUA
-- DLC
050 00 - LIBRARY OF CONGRESS CALL NUMBER
Classification number PR 6029
Item number .Or79 2005
082 00 - DEWEY DECIMAL CLASSIFICATION NUMBER
Classification number IB 109
-- G79o 2005
100 1# - MAIN ENTRY--PERSONAL NAME
Personal name Orwell, George,
Dates associated with a name 1903-1950.
245 10 - TITLE STATEMENT
Title Why I write /
Statement of responsibility, etc Orwell, George
260 ## - PUBLICATION, DISTRIBUTION, ETC. (IMPRINT)
Place of publication, distribution, etc New York :
Name of publisher, distributor, etc Penguin Books,
Date of publication, distribution, etc 2005.
300 ## - PHYSICAL DESCRIPTION
Extent 119 p. ;
Dimensions 19 cm.
440 #0 - SERIES STATEMENT/ADDED ENTRY--TITLE
Title Great ideas
500 ## - GENERAL NOTE
General note "This collection first published in Penguin Books (U.K.) 2004."--T.p. verso.
505 0# - FORMATTED CONTENTS NOTE
Formatted contents note Why I write -- The lion and the unicorn -- A hanging -- Politics and the English language.
521 ## - TARGET AUDIENCE NOTE
Target audience note
Source lexile
541 ## - IMMEDIATE SOURCE OF ACQUISITION NOTE
-- 1
562 ## - COPY AND VERSION IDENTIFICATION NOTE
Number of copies for circulation. 1 copy available in the collection
600 10 - SUBJECT ADDED ENTRY--PERSONAL NAME
Personal name Orwell, George,
Dates associated with a name 1903-1950
General subdivision Authorship.
650 #0 - SUBJECT ADDED ENTRY--TOPICAL TERM
Topical term or geographic name as entry element Authorship.
856 42 - ELECTRONIC LOCATION AND ACCESS
Materials specified Publisher description
Uniform Resource Identifier <a href="http://www.loc.gov/catdir/enhancements/fy1204/2005047452-d.html">http://www.loc.gov/catdir/enhancements/fy1204/2005047452-d.html</a>
856 41 - ELECTRONIC LOCATION AND ACCESS
Materials specified Sample text
Uniform Resource Identifier <a href="http://www.loc.gov/catdir/enhancements/fy1204/2005047452-s.html">http://www.loc.gov/catdir/enhancements/fy1204/2005047452-s.html</a>
856 41 - ELECTRONIC LOCATION AND ACCESS
Materials specified Table of contents only
Uniform Resource Identifier <a href="http://www.loc.gov/catdir/enhancements/fy1204/2005047452-t.html">http://www.loc.gov/catdir/enhancements/fy1204/2005047452-t.html</a>
906 ## - LOCAL DATA ELEMENT F, LDF (RLIN)
a 7
b cbc
c orignew
d 1
e ocip
f 20
g y-gencatlg
942 ## - ADDED ENTRY ELEMENTS (KOHA)
Source of classification or shelving scheme Library of Congress Classification
Koha item type
Call number prefix
Holdings
Withdrawn status Lost status Source of classification or shelving scheme Damaged status Home library Current library Shelving location Date acquired Total Checkouts Full call number Barcode Date last seen Copy number Price effective from Koha item type
    Library of Congress Classification   Luxembourg Library Luxembourg Library International Baccalaureate Section 03/06/2013   PR 6029 .Or79 2005 15750 08/13/2013 1 03/06/2013 Books

Why I write /

APA

Orwell G., . (2005). Why I write. New York: Penguin Books.

Chicago

Orwell George, . 2005. Why I write. New York: Penguin Books.

Harvard

Orwell G., . (2005). Why I write. New York: Penguin Books.

MLA

Orwell George, . Why I write. New York: Penguin Books. 2005.

  • Place hold
  • Print
  • Cite
  • Add to your cart (remove)
  • Save record
    BIBTEX Dublin Core MARCXML MARC (non-Unicode/MARC-8) MARC (Unicode/UTF-8) MARC (Unicode/UTF-8, Standard) MODS (XML) RIS
  • More searches
    Search for this title in:
    Other Libraries (WorldCat) Other Databases (Google Scholar) Online Stores (Bookfinder.com) Open Library (openlibrary.org)

Exporting to Dublin Core...

SOUTHVILLE LIBRARY

Southville International School and Colleges Library

1281 Tropical Ave. Cor. Luxembourg St., BF Homes International, Las Pinas City

Tel. No. 8256374 / 252358 Loc. 117/146

Powered by Koha